[Event "Sterlitamak-ch U16 Girls 3"]
[Site "Sterlitamak"]
[Date "2016.08.19"]
[Round "5"]
[White "Fedotova, Anastasya"]
[Black "Brykalova, Natalya"]
[Result "0-1"]
[WhiteElo "1442"]
[BlackElo "1478"]
[PlyCount "60"]
[EventDate "2016.08.17"]
[EventType "tourn"]
[EventRounds "8"]
[EventCountry "RUS"]
[SourceTitle "EXT 2022"]
[Source "ChessBase"]
[SourceDate "2021.10.06"]
[SourceVersion "1"]
[SourceVersionDate "2021.10.06"]
[SourceQuality "1"]

1. d4 d5 2. c4 e6 3. Nc3 Nf6 4. Nf3 Be7 5. Bg5 Nbd7 6. e3 b6 7. Be2 Bb7 8. 0-0 Rc8 9. Rc1 dxc4 10. Bxc4 0-0 11. Bf4 a6 12. a4 Bd6 13. Bg5 h6 14. Bh4 Re8 15. Qe2 Nb8 16. Bd3 Qe7 17. Ne5 Rcd8 18. Ne4 Bxe4 19. Bxe4 g5 20. Bg3 Nxe4 21. Qh5 Nxg3 22. fxg3 Bxe5 23. dxe5 Rd5 24. Qxh6 Rxe5 25. Rf6 Rf5 26. Rf1 Rxf1+ 27. Kxf1 Qc5 28. Qh5 Qc1+ 29. Ke2 Qxb2+ 30. Ke1 Qxf6 0-1

[Event "Sterlitamak-ch U16 Girls 3"]
[Site "Sterlitamak"]
[Date "2016.08.18"]
[Round "3"]
[White "Fedotova, Anastasya"]
[Black "Zagrebina, Karina"]
[Result "1-0"]
[WhiteElo "1442"]
[BlackElo "1423"]
[PlyCount "117"]
[EventDate "2016.08.17"]
[EventType "tourn"]
[EventRounds "8"]
[EventCountry "RUS"]
[SourceTitle "EXT 2022"]
[Source "ChessBase"]
[SourceDate "2021.10.06"]
[SourceVersion "1"]
[SourceVersionDate "2021.10.06"]
[SourceQuality "1"]

1. d4 d5 2. c4 e6 3. Nc3 Nf6 4. Nf3 Nbd7 5. Bg5 Be7 6. e3 c5 7. cxd5 Nxd5 8. Bxe7 Qxe7 9. Qd2 b6 10. Bc4 Bb7 11. 0-0 0-0 12. Rfd1 Rfd8 13. Nxd5 Bxd5 14. Bxd5 exd5 15. Qc3 Rac8 16. Qa3 a5 17. Qb3 c4 18. Qb5 Qd6 19. Rac1 Qc6 20. Qxc6 Rxc6 21. Nd2 f5 22. h3 Rdc8 23. Nb1 b5 24. Nc3 b4 25. Nxd5 Kf7 26. Rd2 g5 27. f3 Re8 28. Kf2 Rd6 29. Nc7 Rc8 30. Nb5 Rb6 31. a4 bxa3 32. Nxa3 Rbc6 33. Rdc2 Nb6 34. Nb5 Rb8 35. Na3 Rbc8 36. Nb5 Rb8 37. Na3 Rbc8 38. Nb5 Rb8 39. Nc3 Rbc8 40. Rd2 Rd8 41. g4 f4 42. e4 Kf6 43. Rh1 Ke7 44. h4 Rh6 45. Kg2 gxh4 46. Ne2 Rf8 47. d5 Kd6 48. Nd4 h3+ 49. Rxh3 Rxh3 50. Kxh3 Rc8 51. Rc2 Rc5 52. Ne6 Rb5 53. Nxf4 Rc5 54. Ne6 Rc8 55. Nd4 Na4 56. Nb5+ Kd7 57. Na3 h6 58. Rxc4 Rxc4 59. Nxc4 1-0

[Event "Sterlitamak-ch U16 Girls 3"]
[Site "Sterlitamak"]
[Date "2016.08.17"]
[Round "2"]
[White "Gupalo, Tatiana"]
[Black "Fedotova, Anastasya"]
[Result "1-0"]
[WhiteElo "1349"]
[BlackElo "1442"]
[PlyCount "79"]
[EventDate "2016.08.17"]
[EventType "tourn"]
[EventRounds "8"]
[EventCountry "RUS"]
[SourceTitle "EXT 2022"]
[Source "ChessBase"]
[SourceDate "2021.10.06"]
[SourceVersion "1"]
[SourceVersionDate "2021.10.06"]
[SourceQuality "1"]

1. d4 Nf6 2. Bf4 g6 3. e3 Bg7 4. c3 d5 5. Bd3 0-0 6. Nd2 Nbd7 7. Ngf3 c5 8. h3 a6 9. Qe2 b5 10. a3 Qb6 11. Ne5 Nh5 12. Nxd7 Bxd7 13. Bh2 Rac8 14. dxc5 Qxc5 15. 0-0 e6 16. Nf3 Rfe8 17. Rfd1 a5 18. Nd4 b4 19. Nb3 Qb6 20. axb4 axb4 21. Ra6 Qd8 22. cxb4 Ra8 23. Rda1 Rxa6 24. Rxa6 Qc8 25. Ra1 Qb7 26. Nc5 Qc8 27. Nxd7 Qb7 28. Ne5 Qxb4 29. Rb1 Ra8 30. Qc2 Nf6 31. Qc3 Qe7 32. Nc6 Qe8 33. Ne5 Qe7 34. Qc6 Rd8 35. Nf3 Qf8 36. Bc7 Rc8 37. Qd6 Qe8 38. Ba5 Bf8 39. Qa6 Rb8 40. Qa7 1-0

[Event "Sterlitamak-ch U15"]
[Site "Sterlitamak"]
[Date "2016.04.27"]
[Round "9.3"]
[White "Savelev, Rostislav"]
[Black "Fedotova, Anastasya"]
[Result "0-1"]
[WhiteElo "1195"]
[BlackElo "1261"]
[PlyCount "60"]
[EventDate "2016.04.11"]
[EventType "swiss"]
[EventRounds "11"]
[EventCountry "RUS"]
[SourceTitle "EXT 2022"]
[Source "ChessBase"]
[SourceDate "2021.10.06"]
[SourceVersion "1"]
[SourceVersionDate "2021.10.06"]
[SourceQuality "1"]

1. e4 e6 2. Nf3 d5 3. Nc3 Nf6 4. d3 Be7 5. e5 Nfd7 6. d4 c5 7. Bb5 0-0 8. Bf4 b6 9. a3 Ba6 10. Ba4 Qc7 11. Nb5 Bxb5 12. Bxb5 Nc6 13. 0-0 Qb7 14. Nd2 cxd4 15. Nb3 Ndxe5 16. Bxe5 Nxe5 17. Qxd4 Bf6 18. Qd2 Qc7 19. c3 a6 20. Be2 Nc4 21. Bxc4 dxc4 22. Nd4 Rad8 23. Rfd1 e5 24. Qe3 exd4 25. cxd4 Rfe8 26. Qc3 b5 27. b4 Qf4 28. Rd2 Bxd4 29. Rxd4 Rxd4 30. g3 Qe4 0-1

[Event "Sterlitamak-ch U15"]
[Site "Sterlitamak"]
[Date "2016.04.20"]
[Round "6.6"]
[White "Fedotova, Anastasya"]
[Black "Kaupov, Bulat"]
[Result "1-0"]
[WhiteElo "1261"]
[BlackElo "1010"]
[PlyCount "59"]
[EventDate "2016.04.11"]
[EventType "swiss"]
[EventRounds "11"]
[EventCountry "RUS"]
[SourceTitle "EXT 2022"]
[Source "ChessBase"]
[SourceDate "2021.10.06"]
[SourceVersion "1"]
[SourceVersionDate "2021.10.06"]
[SourceQuality "1"]

1. d4 d5 2. c4 Nf6 3. Nc3 e6 4. Nf3 Bb4 5. Bg5 0-0 6. e3 b6 7. cxd5 exd5 8. Be2 Nbd7 9. 0-0 Bxc3 10. bxc3 c5 11. Qc2 c4 12. Nd2 Qc7 13. Bf3 Bb7 14. e4 dxe4 15. Nxe4 Nxe4 16. Bxe4 Bxe4 17. Qxe4 Rfe8 18. Qf3 Qd6 19. Rfe1 h6 20. Bh4 g5 21. Bg3 Qf6 22. Qb7 Rxe1+ 23. Rxe1 Qd8 24. Qc6 Rc8 25. Qxh6 f6 26. Qg6+ Kh8 27. Qf7 b5 28. Re7 Qg8 29. Qh5+ Qh7 30. Qxh7# 1-0

[Event "Tuimazy RB-ch Girls 02/03"]
[Site "Tuimazy"]
[Date "2015.08.18"]
[Round "2"]
[White "Fedotova, Anastasya"]
[Black "Zagrebina, Karina"]
[Result "1/2-1/2"]
[WhiteElo "1303"]
[BlackElo "1455"]
[PlyCount "84"]
[EventDate "2015.08.18"]
[EventType "tourn"]
[EventRounds "6"]
[EventCountry "RUS"]
[SourceTitle "EXT 2022"]
[Source "ChessBase"]
[SourceDate "2021.10.06"]
[SourceVersion "1"]
[SourceVersionDate "2021.10.06"]
[SourceQuality "1"]

1. d4 d5 2. c4 e6 3. Nc3 Nf6 4. Bg5 Be7 5. Nf3 0-0 6. e3 h6 7. Bh4 b6 8. Bd3 c5 9. 0-0 Nc6 10. cxd5 Nxd5 11. Bxe7 Qxe7 12. Nxd5 exd5 13. dxc5 bxc5 14. Bb5 Qd6 15. h3 Rb8 16. Bxc6 Qxc6 17. b3 Bf5 18. Rc1 Qd6 19. Qd2 Rfd8 20. Qa5 Rdc8 21. Rfd1 Be4 22. Nd2 Bf5 23. Nf3 Be6 24. e4 d4 25. e5 Qb6 26. Qd2 Qa6 27. Qb2 Bd5 28. Nd2 Qg6 29. f3 Qg5 30. Re1 Rb6 31. Re2 Re6 32. Rce1 Rce8 33. Qc2 Rxe5 34. Rxe5 Rxe5 35. Rxe5 Qxe5 36. Nf1 Qd6 37. Qf5 Be6 38. Qd3 Qc6 39. Nd2 a5 40. Nc4 Bxc4 41. Qxc4 Qe6 42. Qxc5 Qe3+ 1/2-1/2